00485nam a2200145Ia 4500008004100000041000800041082001600049100002100065245003900086260003800125300003300163365000700196999001700203952011900220240624s9999 xx 000 0 und d aeng a658.421 MLA aMLADJENOVIC PAUL aMICRO ENTREPRENEURSHIP FOR DUMMIES c2013aNew DelhibWiley Publishing axviii, : 364 : p. : cm. ; 23 cRS c24077d24077 00104070aIMTNbIMTNcRack 32-Ad2015-03-30g1278.88o658.421 MLAp24077r2024-06-24 00:00:00t1w2024-06-24yBK